Etapas y procesos de la evolución Historico social de Costa Rica
Enregistré dans:
| Auteur principal: | |
|---|---|
| Format: | Texte |
| Publié: |
San José:
CSUCA
|
| Tags: |
Ajouter un tag
Pas de tags, Soyez le premier à ajouter un tag!
|
MARC
| LEADER | 00000 a a2200000 04500 | ||
|---|---|---|---|
| 001 | 22690 | ||
| 003 | |||
| 040 | |||
| 090 | |a 155600 | ||
| 100 | |a Vega Carballo, José Luis | ||
| 245 | |a Etapas y procesos de la evolución Historico social de Costa Rica | ||
| 260 | |a San José: |b CSUCA | ||
| 300 | |a 39 p. | ||
| 500 | |a Edición similar en: ESTUDIOS SOCIALES CENTROAMERICANOS - CSUCA, vol. 1, n. 1, 1972 | ||
| 999 | |c 13761 |d 13761 | ||
